Марки авто - Statistics

General Stats
  • This quiz has been taken 1 295 times
  • The average score is 4 of 5
Answer Stats
Picture Hint Answer % Correct
бмв
96%
ауди
94%
феррари
85%
бентли
84%
фольксваген
66%
No matching quizzes found
Score Distribution
Percent of People with Each Score
Percentile by Number Answered
Your Score History
You have not taken this quiz